| 000 | 00974nam a2200229 u 4500 | ||
|---|---|---|---|
| 005 | 20221115063532.0 | ||
| 008 | 160205s2007 es r 000 0 spa d | ||
| 020 | _a9788426136176 | ||
| 035 | _aUPN01000207875 | ||
| 049 | _aI | ||
| 050 | 4 |
_aQL120 _bB4.3 |
|
| 100 | 1 |
_aBertolucci, Cristiano, _d1967- _935769 |
|
| 245 | 1 | 0 |
_aEncima y debajo : _bLos animales que viven encima y debajo de la superficie del agua de un gran río, de un estanque, del mar abierto, de una costa oceánica, de un bosque de manglares / _cCristiano Bertolucci, Francesco Milo ; il. Alessandro Bartolozzi ; tr. Raquel Solá García. |
| 260 |
_aBarcelona, Esp. : _bJuventud, _c2007. |
||
| 300 |
_a27 p. : _bprincipalmente il. col. |
||
| 440 | 0 | _aContrastes | |
| 534 |
_pTítulo original : _tSopra e sotto |
||
| 650 | 4 |
_aANIMALES ACUATICOS - _vLITERATURA INFANTIL _923141 |
|
| 650 | 7 |
_aAnimales _vLiteratura infantil _2 _91061 |
|
| 700 | 1 |
_aMilo, Francesco, _d1962- _ecoaut. _935964 |
|
| 905 | _aInfantil | ||
| 999 |
_c179976 _d179976 |
||